[Event "RUS-Cup01 Chigorin Memorial"]
[Site "St Petersburg"]
[Date "1997.11.04"]
[Round "4"]
[White "Smikovski, Ivan"]
[Black "Romanovich, Leonid"]
[Result "1-0"]
[WhiteElo "2490"]
[BlackElo "2350"]
[PlyCount "65"]
[EventDate "1997.11.01"]
[EventType "swiss"]
[EventRounds "9"]
[EventCountry "RUS"]
[SourceTitle "CBM 061 Extra"]
[Source "ChessBase"]
[SourceDate "1998.03.09"]
[SourceVersion "1"]
[SourceVersionDate "1998.03.09"]
[SourceQuality "1"]

1. e4 c5 2. Nf3 g6 3. d4 Bg7 4. c4 Qa5+ 5. Nc3 Nc6 6. d5 Nd4 7. Bd2 Nxf3+ 8. Qxf3 d6 9. Bd3 Nf6 10. Qe2 0-0 11. 0-0 Qb6 12. f4 Nd7 13. b3 a6 14. Rae1 Qa5 15. e5 dxe5 16. Ne4 Qc7 17. f5 Nf6 18. g4 Bd7 19. Rf2 b5 20. Ref1 Nxe4 21. Bxe4 Qd6 22. h4 Rab8 23. Bc1 bxc4 24. bxc4 a5 25. Rg2 Kh8 26. Be3 gxf5 27. gxf5 Bf6 28. Kh1 Rg8 29. Rfg1 Rbc8 30. Qh5 Rxg2 31. Rxg2 Qb8 32. Bh6 Qb4 33. Qg4 1-0

[Event "RUS-Cup01 Chigorin Memorial"]
[Site "St Petersburg"]
[Date "1997.11.03"]
[Round "3"]
[White "Romanovich, Leonid"]
[Black "Vaulin, Alexander"]
[Result "1/2-1/2"]
[WhiteElo "2350"]
[BlackElo "2530"]
[PlyCount "100"]
[EventDate "1997.11.01"]
[EventType "swiss"]
[EventRounds "9"]
[EventCountry "RUS"]
[SourceTitle "CBM 061 Extra"]
[Source "ChessBase"]
[SourceDate "1998.03.09"]
[SourceVersion "1"]
[SourceVersionDate "1998.03.09"]
[SourceQuality "1"]

1. e4 c5 2. c3 Nf6 3. e5 Nd5 4. d4 cxd4 5. Qxd4 e6 6. Nf3 Nc6 7. Qe4 d6 8. Nbd2 dxe5 9. Nxe5 Nxe5 10. Qxe5 Qc7 11. Bb5+ Bd7 12. Bxd7+ Qxd7 13. Nf3 f6 14. Qe4 Bc5 15. 0-0 0-0 16. Bd2 Qc6 17. c4 Nb4 18. Qxc6 Nxc6 19. Bc3 Rfd8 20. Rfd1 Kf7 21. Kf1 e5 22. Ne1 Bd4 23. Bxd4 Nxd4 24. Rac1 Ke6 25. b3 g5 26. Rd2 Rd7 27. Rcd1 Rad8 28. Nd3 Kf5 29. Nb4 Ke6 30. Nd3 b6 31. Nb2 h5 32. Na4 g4 33. Nc3 h4 34. Ne2 Nc6 35. Rxd7 Rxd7 36. Rxd7 Kxd7 37. f3 gxf3 38. gxf3 Ke6 39. Kf2 f5 40. f4 Nb4 41. a3 Nc2 42. fxe5 Kxe5 43. Ng1 Nd4 44. b4 a5 45. c5 bxc5 46. bxa5 Kd5 47. Ke3 Kc6 48. a4 Kb7 49. Kd3 Ka6 50. Kc4 Kxa5 1/2-1/2

[Event "St Petersburg-ch"]
[Site "St Petersburg"]
[Date "1997.03.13"]
[Round "8"]
[White "Orlov, Vassily"]
[Black "Romanovich, Leonid"]
[Result "1-0"]
[WhiteElo "2420"]
[BlackElo "2340"]
[PlyCount "117"]
[EventDate "1997.03.04"]
[EventType "swiss"]
[EventRounds "9"]
[EventCountry "RUS"]
[SourceTitle "CBM 058"]
[Source "ChessBase"]
[SourceDate "1997.06.01"]
[SourceVersion "1"]
[SourceVersionDate "1997.06.01"]
[SourceQuality "1"]

1. e4 c5 2. Nf3 g6 3. d4 Bg7 4. Nc3 cxd4 5. Nxd4 Nc6 6. Nb3 Nf6 7. Be2 a5 8. a4 0-0 9. 0-0 d5 10. exd5 Nb4 11. Bf3 Bf5 12. Nd4 Qd7 13. h3 h5 14. Be3 Rfd8 15. d6 exd6 16. Ncb5 Be4 17. c3 Bxf3 18. Qxf3 Nbd5 19. Bg5 Re8 20. Rfe1 Rxe1+ 21. Rxe1 Re8 22. Rxe8+ Qxe8 23. Bxf6 Nxf6 24. Nxd6 Qe1+ 25. Kh2 Qe5+ 26. Qg3 Ne4 27. Nxe4 Qxe4 28. Qf3 Qe1 29. Qe2 Qc1 30. g3 Bxd4 31. cxd4 Qc6 32. b3 Qd5 33. Qc4 Qf5 34. Qe2 h4 35. Qe3 hxg3+ 36. Kxg3 Qd5 37. Kh2 Qf5 38. Kg1 Kh7 39. Kg2 b6 40. Qf3 Qg5+ 41. Kh2 Kg8 42. Qa8+ Kh7 43. Qe4 Qf6 44. f4 Qd6 45. Kg3 Qb4 46. Qe3 b5 47. axb5 Qxb5 48. Qf3 Qb4 49. Qd3 Qe1+ 50. Kg2 Qc1 51. f5 Qg5+ 52. Kf3 gxf5 53. d5 Kg6 54. d6 Qd8 55. d7 Kf6 56. Qd6+ Kg5 57. h4+ Kh5 58. Qf4 Qa8+ 59. Kg3 1-0

[Event "St Petersburg-ch"]
[Site "St Petersburg"]
[Date "1997.03.12"]
[Round "7"]
[White "Romanovich, Leonid"]
[Black "Yemelin, Vasily"]
[Result "1/2-1/2"]
[WhiteElo "2340"]
[BlackElo "2500"]
[PlyCount "59"]
[EventDate "1997.03.04"]
[EventType "swiss"]
[EventRounds "9"]
[EventCountry "RUS"]
[SourceTitle "CBM 058"]
[Source "ChessBase"]
[SourceDate "1997.06.01"]
[SourceVersion "1"]
[SourceVersionDate "1997.06.01"]
[SourceQuality "1"]

1. e4 e5 2. Nf3 Nc6 3. Bb5 a6 4. Ba4 Nf6 5. d4 exd4 6. 0-0 Be7 7. Re1 b5 8. e5 Nxe5 9. Rxe5 d6 10. Re1 bxa4 11. Nxd4 Bd7 12. Qf3 d5 13. Nc3 0-0 14. Nxd5 Nxd5 15. Qxd5 Bf6 16. Qc5 Qb8 17. Be3 Re8 18. b3 Re5 19. Qc4 Bb5 20. Nxb5 axb5 21. Qb4 axb3 22. cxb3 Rh5 23. Rac1 c5 24. Qf4 Be5 25. Qg4 Bxh2+ 26. Kf1 g6 27. Rxc5 Be5 28. Kg1 Bh2+ 29. Kf1 Be5 30. Kg1 1/2-1/2

[Event "St Petersburg-ch"]
[Site "St Petersburg"]
[Date "1997.03.09"]
[Round "5"]
[White "Romanovich, Leonid"]
[Black "Ivanov, Victor L"]
[Result "1-0"]
[WhiteElo "2340"]
[BlackElo "2260"]
[PlyCount "117"]
[EventDate "1997.03.04"]
[EventType "swiss"]
[EventRounds "9"]
[EventCountry "RUS"]
[SourceTitle "CBM 058"]
[Source "ChessBase"]
[SourceDate "1997.06.01"]
[SourceVersion "1"]
[SourceVersionDate "1997.06.01"]
[SourceQuality "1"]

1. e4 e6 2. d4 d5 3. Nd2 dxe4 4. Nxe4 Nd7 5. Nf3 Ngf6 6. Nxf6+ Nxf6 7. Bd3 c5 8. 0-0 cxd4 9. Nxd4 Be7 10. c3 0-0 11. Qf3 e5 12. Nf5 Bxf5 13. Qxf5 Qc7 14. Re1 Rfe8 15. Bg5 h6 16. Bh4 e4 17. Bxe4 Nxe4 18. Qxe4 Bxh4 19. Qxh4 Qb6 20. b3 Qa5 21. Rxe8+ Rxe8 22. Qc4 b5 23. Qc6 Re6 24. Qc8+ Kh7 25. g3 Qb6 26. Qd7 Rf6 27. Qd2 Rd6 28. Qc2+ g6 29. Rd1 Re6 30. Qd2 Qc6 31. Qf4 Rf6 32. Qd4 a5 33. c4 bxc4 34. bxc4 Rf5 35. Rb1 Qc5 36. Qxc5 Rxc5 37. Rc1 Kg7 38. Kf1 Kf6 39. Ke2 Ke6 40. Kd3 Rh5 41. h4 Rf5 42. f4 g5 43. c5 Rd5+ 44. Kc4 Rd2 45. fxg5 hxg5 46. h5 Kd7 47. Rf1 Rc2+ 48. Kd5 Rd2+ 49. Ke5 Ke7 50. Rh1 f6+ 51. Ke4 Ke6 52. h6 f5+ 53. Ke3 Rd8 54. h7 Rh8 55. Kd4 Rd8+ 56. Kc4 Rh8 57. c6 Kd6 58. Rh6+ Kc7 59. Kd4 1-0

[Event "Pardubice KB op"]
[Site "Pardubice"]
[Date "1996.??.??"]
[Round "6"]
[White "Oral, Tomas"]
[Black "Romanovich, Leonid"]
[Result "0-1"]
[WhiteElo "2470"]
[BlackElo "2320"]
[PlyCount "69"]
[EventDate "1996.07.??"]
[EventType "swiss"]
[EventRounds "9"]
[EventCountry "CZE"]
[SourceTitle "CBM 055 Extra"]
[Source "ChessBase"]
[SourceDate "1997.01.01"]
[SourceVersion "1"]
[SourceVersionDate "1997.01.01"]
[SourceQuality "1"]

1. e4 Nf6 2. e5 Nd5 3. d4 d6 4. Nf3 g6 5. Be2 Bg7 6. 0-0 0-0 7. c4 Nb6 8. Nc3 Nc6 9. exd6 cxd6 10. h3 Bf5 11. Be3 d5 12. cxd5 Nxd5 13. a3 Na5 14. Nxd5 Qxd5 15. Rc1 Rac8 16. Qa4 b6 17. Ba6 Bd7 18. Qb4 Rxc1 19. Rxc1 Bxh3 20. Qxe7 Bd7 21. Ne5 Bb5 22. Bxb5 Qxb5 23. b4 Nb3 24. Rb1 Qe2 25. Qxa7 Nxd4 26. Bxd4 Bxe5 27. Bxe5 Qxe5 28. Qxb6 Ra8 29. b5 Rxa3 30. Qd8+ Kg7 31. b6 Qe4 32. Qd1 Ra5 33. b7 Rg5 34. f3 Qe3+ 35. Kh2 0-1

[Event "Pardubice KB op"]
[Site "Pardubice"]
[Date "1996.??.??"]
[Round "4"]
[White "Romanovich, Leonid"]
[Black "Galdunts, Sergey"]
[Result "0-1"]
[WhiteElo "2320"]
[BlackElo "2465"]
[PlyCount "76"]
[EventDate "1996.07.??"]
[EventType "swiss"]
[EventRounds "9"]
[EventCountry "CZE"]
[SourceTitle "CBM 055 Extra"]
[Source "ChessBase"]
[SourceDate "1997.01.01"]
[SourceVersion "1"]
[SourceVersionDate "1997.01.01"]
[SourceQuality "1"]

1. e4 g6 2. d4 Bg7 3. c3 b6 4. Bd3 c5 5. Nf3 Bb7 6. 0-0 cxd4 7. cxd4 Nf6 8. Nc3 0-0 9. Qe2 d5 10. e5 Ne8 11. h4 Nc7 12. h5 Ba6 13. Bxa6 Nbxa6 14. e6 Qd6 15. exf7+ Rxf7 16. hxg6 hxg6 17. Bg5 Nb4 18. Ne5 Rf5 19. f4 Nc6 20. Rad1 Nxd4 21. Rxd4 Qc5 22. Qe3 Ne6 23. Nxd5 Bxe5 24. Rd3 Bd6 25. b4 Qxe3+ 26. Nxe3 Rf7 27. Nd5 Nxg5 28. fxg5 Bh2+ 29. Kxh2 Rxf1 30. Nxe7+ Kf7 31. Rd7 Ke6 32. Rc7 Rf7 33. Nd5 Raf8 34. Rxf7 Rxf7 35. Nc3 Rf5 36. a4 Rxg5 37. Nb5 Rg4 38. a5 Rxb4 0-1

[Event "RUS-Cup01 Chigorin Memorial"]
[Site "St Petersburg"]
[Date "1996.??.??"]
[Round "5"]
[White "Romanovich, Leonid"]
[Black "Kochyev, Alexander"]
[Result "0-1"]
[WhiteElo "2320"]
[BlackElo "2500"]
[PlyCount "120"]
[EventDate "1996.11.??"]
[EventType "swiss"]
[EventRounds "9"]
[EventCountry "RUS"]
[SourceTitle "CBM 056 Extra"]
[Source "ChessBase"]
[SourceDate "1997.03.01"]
[SourceVersion "1"]
[SourceVersionDate "1997.03.01"]
[SourceQuality "1"]

1. e4 c5 2. c3 d5 3. exd5 Qxd5 4. d4 Nf6 5. Nf3 Bg4 6. Be2 e6 7. h3 Bh5 8. 0-0 Nc6 9. Be3 cxd4 10. cxd4 Be7 11. Nc3 Qd6 12. Qb3 0-0 13. Rfd1 Rfd8 14. a3 a6 15. Rac1 b5 16. Qc2 Rac8 17. Ng5 Bg6 18. Qd2 h6 19. Nf3 Ne4 20. Nxe4 Bxe4 21. Ne1 Qd5 22. Bf3 b4 23. axb4 Bxb4 24. Qe2 Bxe1 25. Bxe4 Qxe4 26. Qxe1 Ne7 27. Rc5 Nd5 28. Rdc1 Rb8 29. Qe2 Nxe3 30. Qxe3 Qxd4 31. Qxd4 Rxd4 32. Rc8+ Rxc8 33. Rxc8+ Kh7 34. Ra8 Rd1+ 35. Kh2 Rd2 36. Kg3 Rd3+ 37. Kh2 Rd6 38. Rb8 g5 39. b4 Rd2 40. Kg3 h5 41. Rb6 Rd4 42. Rxa6 Rxb4 43. Ra2 Kg6 44. Kh2 h4 45. Rc2 Rb3 46. Ra2 Rd3 47. Rb2 Kf5 48. Rb7 f6 49. Rb2 e5 50. Ra2 e4 51. Kg1 Kf4 52. Rb2 Ke5 53. Rb8 Rd1+ 54. Kh2 Rf1 55. Rb5+ Kf4 56. Rb2 f5 57. Ra2 g4 58. hxg4 fxg4 59. g3+ Kf3 60. gxh4 Rxf2+ 0-1

[Event "Decin op"]
[Site "Decin"]
[Date "1996.??.??"]
[Round "7"]
[White "Romanovich, Leonid"]
[Black "Obodchuk, Andrei"]
[Result "0-1"]
[WhiteElo "2320"]
[BlackElo "2430"]
[PlyCount "60"]
[EventDate "1996.??.??"]
[EventType "swiss"]
[EventRounds "9"]
[EventCountry "CZE"]
[SourceTitle "CBM 053 Extra"]
[Source "ChessBase"]
[SourceDate "1996.09.01"]
[SourceVersion "1"]
[SourceVersionDate "1996.09.01"]
[SourceQuality "1"]

1. e4 c5 2. Nf3 Nc6 3. d4 cxd4 4. Nxd4 Nf6 5. Nc3 d6 6. Bc4 e6 7. Be3 Be7 8. Qe2 Bd7 9. Bb3 Qa5 10. 0-0-0 Nxd4 11. Bxd4 0-0 12. f4 e5 13. Nd5 Nxd5 14. exd5 Bb5 15. Qe3 Qd8 16. Bxa7 exf4 17. Qb6 Qd7 18. Kb1 Rfc8 19. Qf2 Bf6 20. Bd4 Be5 21. Bxe5 dxe5 22. d6 Ra6 23. Rd5 Rxd6 24. Rhd1 Rxd5 25. Rxd5 Qe8 26. Qe1 e4 27. Rf5 Rc7 28. Rxf4 e3 29. Bd5 Qe5 30. Qa5 g5 0-1

[Event "Decin op"]
[Site "Decin"]
[Date "1996.??.??"]
[Round "9"]
[White "Romanovich, Leonid"]
[Black "Sokalsky, Alexander"]
[Result "1/2-1/2"]
[WhiteElo "2320"]
[BlackElo "2230"]
[PlyCount "59"]
[EventDate "1996.??.??"]
[EventType "swiss"]
[EventRounds "9"]
[EventCountry "CZE"]
[SourceTitle "CBM 053 Extra"]
[Source "ChessBase"]
[SourceDate "1996.09.01"]
[SourceVersion "1"]
[SourceVersionDate "1996.09.01"]
[SourceQuality "1"]

1. e4 e5 2. Nf3 Nc6 3. Bb5 g6 4. c3 d6 5. d4 Bd7 6. 0-0 Bg7 7. Re1 Nge7 8. h3 0-0 9. Na3 a6 10. Bf1 h6 11. Nc2 Kh7 12. a4 f6 13. a5 Qc8 14. Ne3 Nd8 15. Nd5 Nxd5 16. exd5 Nf7 17. dxe5 dxe5 18. c4 f5 19. b3 e4 20. Nd4 c5 21. dxc6 Bxc6 22. Ra2 Ne5 23. Bb2 Qd7 24. Nxc6 Qxc6 25. Qa1 Qc7 26. Bc3 Rad8 27. f3 Nd3 28. Bxg7 Qxg7 29. Bxd3 Rxd3 30. fxe4 1/2-1/2

[Event "Chigorin Memorial"]
[Site "St Petersburg"]
[Date "1995.??.??"]
[Round "4"]
[White "Romanovich, Leonid"]
[Black "Galkin, Alexander"]
[Result "1-0"]
[WhiteElo "2215"]
[BlackElo "2430"]
[PlyCount "91"]
[EventDate "1995.09.??"]
[EventType "swiss"]
[EventRounds "9"]
[EventCountry "RUS"]
[SourceTitle "EXT 1997"]
[Source "ChessBase"]
[SourceDate "1996.11.15"]
[SourceVersion "1"]
[SourceVersionDate "1996.11.15"]
[SourceQuality "1"]

1. e4 c5 2. Nf3 d6 3. d4 cxd4 4. Nxd4 Nf6 5. Nc3 e6 6. Bc4 a6 7. Qe2 b5 8. Bb3 Be7 9. Bg5 0-0 10. f4 b4 11. Na4 Bb7 12. Bxf6 Bxf6 13. 0-0-0 Qa5 14. Qe3 Nd7 15. Nxe6 Bc6 16. Nxf8 Rxf8 17. Rxd6 Bxa4 18. Rd5 Qb6 19. Qxb6 Nxb6 20. Rd6 Bd8 21. Bxa4 Nxa4 22. Rxa6 Nc5 23. Rc6 Nxe4 24. Rc4 f5 25. Rxb4 Ba5 26. Rd4 Bb6 27. Rd7 Be3+ 28. Kb1 Bxf4 29. c3 g5 30. Kc2 Be3 31. a4 f4 32. Re7 Nf2 33. Ra1 Ng4 34. b4 Nh6 35. a5 Nf5 36. Rc7 g4 37. b5 f3 38. gxf3 gxf3 39. b6 f2 40. Kd3 Bf4 41. Rc4 Rd8+ 42. Ke2 Rd2+ 43. Kf3 Bxh2 44. Rf1 Rd3+ 45. Kxf2 Rd2+ 46. Kf3 1-0

[Event "St Petersburg op"]
[Site "St Petersburg"]
[Date "1995.??.??"]
[Round "2"]
[White "Romanovich, Leonid"]
[Black "Makarov, Marat"]
[Result "0-1"]
[WhiteElo "2190"]
[BlackElo "2520"]
[PlyCount "68"]
[EventDate "1995.05.??"]
[EventType "swiss"]
[EventRounds "9"]
[EventCountry "RUS"]
[SourceTitle "CBM 046 Extra"]
[Source "ChessBase"]
[SourceDate "1995.07.01"]
[SourceVersion "1"]
[SourceVersionDate "1995.07.01"]
[SourceQuality "1"]

1. e4 c5 2. Nf3 Nc6 3. d4 cxd4 4. Nxd4 Nf6 5. Nc3 d6 6. Bc4 Qb6 7. Nf3 e6 8. Bb3 Be7 9. Qe2 0-0 10. Be3 Qc7 11. 0-0-0 a6 12. Rhg1 b5 13. g4 Na5 14. g5 Nxb3+ 15. axb3 Nd7 16. Rg3 Bb7 17. Rd4 Rfc8 18. Ne1 e5 19. Nd5 Bxd5 20. Rxd5 b4 21. Bd2 a5 22. Kb1 Nf8 23. f4 exf4 24. Rh3 Qd7 25. Rhd3 Qa7 26. e5 dxe5 27. Rxe5 Bc5 28. c4 a4 29. Bxf4 axb3 30. Rxb3 Qa2+ 31. Kc2 Ra3 32. Qd3 Bd4 33. Re4 Rxb3 34. Qxd4 Rc3+ 0-1

[Event "St Petersburg op"]
[Site "St Petersburg"]
[Date "1995.??.??"]
[Round "6"]
[White "Romanovich, Leonid"]
[Black "Sivokho, Sergey V"]
[Result "1/2-1/2"]
[WhiteElo "2190"]
[BlackElo "2395"]
[PlyCount "96"]
[EventDate "1995.05.??"]
[EventType "swiss"]
[EventRounds "9"]
[EventCountry "RUS"]
[SourceTitle "CBM 046 Extra"]
[Source "ChessBase"]
[SourceDate "1995.07.01"]
[SourceVersion "1"]
[SourceVersionDate "1995.07.01"]
[SourceQuality "1"]

1. e4 c5 2. c3 Nf6 3. e5 Nd5 4. d4 cxd4 5. Nf3 e6 6. cxd4 d6 7. Nc3 Nxc3 8. bxc3 Qc7 9. Bd2 Nd7 10. Bd3 dxe5 11. 0-0 g6 12. Re1 Bg7 13. Rc1 0-0 14. Nxe5 Nxe5 15. Bf4 b6 16. Bxe5 Bxe5 17. Rxe5 Bb7 18. h4 Rfd8 19. h5 Qe7 20. Qg4 Kg7 21. Rce1 Rd6 22. f4 Qf6 23. hxg6 hxg6 24. f5 exf5 25. Rxf5 Qd8 26. Ref1 Bd5 27. Qg3 b5 28. Qe5+ f6 29. Qg3 Bxa2 30. Rxb5 Bf7 31. Rb7 Rd7 32. Rxd7 Qxd7 33. Rxf6 Re8 34. Rd6 Re1+ 35. Kh2 Qe7 36. Rd7 Qxd7 37. Qxe1 Qd6+ 38. Qg3 Qf6 39. Kg1 a5 40. Qc7 Qe6 41. Kf2 a4 42. Qa5 Qa2+ 43. Ke3 a3 44. Qe5+ Kg8 45. Qb8+ Kh7 46. Qh2+ Kg7 47. Qe5+ Kf8 48. Qd6+ Kg7 1/2-1/2